[Event "Ho Chi Minh City HD Bank op 3rd"]
[Site "Ho Chi Minh City"]
[Date "2013.03.21"]
[Round "4"]
[White "Nguyen, Anh Khoi"]
[Black "Bitoon, Jimson"]
[Result "1-0"]
[WhiteElo "1995"]
[BlackElo "2229"]
[PlyCount "132"]
[EventDate "2013.03.19"]
[EventType "swiss"]
[EventRounds "9"]
[EventCountry "VIE"]
[SourceTitle "CBM 153 Extra"]
[Source "ChessBase"]
[SourceDate "2013.04.22"]
[SourceVersion "1"]
[SourceVersionDate "2013.04.22"]
[SourceQuality "1"]

1. c4 Nf6 2. Nc3 e6 3. Nf3 b6 4. g3 Ba6 5. b3 d5 6. Bg2 c5 7. cxd5 exd5 8. d4 Bb7 9. 0-0 Be7 10. Bb2 0-0 11. Ne5 Nc6 12. Nxc6 Bxc6 13. Rc1 Rc8 14. e3 Qd7 15. dxc5 bxc5 16. Ne2 Rfd8 17. Nf4 Qb7 18. Bxf6 Bxf6 19. Rxc5 d4 20. Bxc6 Rxc6 21. Qf3 Rb6 22. Nd5 Be5 23. Qf5 Re6 24. exd4 Rxd5 25. Qe4 Red6 26. dxe5 Rd8 27. Rxd5 Qxd5 28. Qxd5 Rxd5 29. f4 Rc5 30. Kg2 Kf8 31. Rf2 Ke7 32. Kf3 Rc1 33. Ke4 Re1+ 34. Kd5 Kd7 35. Kc5 Kc7 36. Kb5 Rd1 37. Ka6 Kb8 38. Rb2 h5 39. b4 Rd4 40. a4 h4 41. a5 g6 42. b5 h3 43. b6 axb6 44. Kxb6 Rd1 45. a6 Rc1 46. Rd2 Kc8 47. a7 Rb1+ 48. Kc6 Rc1+ 49. Kd6 Ra1 50. Rc2+ Kd8 51. e6 fxe6 52. Kxe6 Rxa7 53. Kf6 Ra1 54. Rd2+ Ke8 55. Rb2 Ra6+ 56. Kg7 Ke7 57. Re2+ Kd7 58. Kf7 Rd6 59. g4 Rd4 60. Kxg6 Rxf4 61. g5 Rf3 62. Kg7 Rf1 63. Re3 Rg1 64. g6 Rg2 65. Rxh3 Ke6 66. Kh7 Kf5 1-0

[Event "Ho Chi Minh City HD Bank op 3rd"]
[Site "Ho Chi Minh City"]
[Date "2013.03.19"]
[Round "1"]
[White "Bitoon, Jimson"]
[Black "Wei, Yi"]
[Result "0-1"]
[WhiteElo "2229"]
[BlackElo "2526"]
[PlyCount "50"]
[EventDate "2013.03.19"]
[EventType "swiss"]
[EventRounds "9"]
[EventCountry "VIE"]
[SourceTitle "CBM 153 Extra"]
[Source "ChessBase"]
[SourceDate "2013.04.22"]
[SourceVersion "1"]
[SourceVersionDate "2013.04.22"]
[SourceQuality "1"]

1. e4 c5 2. Nc3 d6 3. d3 Nc6 4. g4 e5 5. h3 g6 6. Bg2 Bg7 7. Nge2 Nge7 8. 0-0 h5 9. g5 Be6 10. f4 Qd7 11. Kh2 exf4 12. Bxf4 0-0 13. Bg3 Be5 14. Nf4 f6 15. gxf6 Rxf6 16. Qd2 Raf8 17. Nce2 Nd4 18. c3 h4 19. cxd4 hxg3+ 20. Kg1 cxd4 21. Nxe6 Qxe6 22. Qg5 Rxf1+ 23. Rxf1 Rxf1+ 24. Bxf1 Qf7 25. Nxg3 Bf4 0-1

[Event "Manila PSC Cup"]
[Site "Manila"]
[Date "2013.01.17"]
[Round "5"]
[White "Bitoon, Richard"]
[Black "Bitoon, Jimson"]
[Result "1-0"]
[WhiteElo "2411"]
[BlackElo "2293"]
[PlyCount "59"]
[EventDate "2013.01.14"]
[EventType "swiss"]
[EventRounds "9"]
[EventCountry "PHI"]
[SourceTitle "CBM 152 Extra"]
[Source "ChessBase"]
[SourceDate "2013.02.25"]
[SourceVersion "1"]
[SourceVersionDate "2013.02.25"]
[SourceQuality "1"]

1. e4 e6 2. d3 d5 3. Nd2 c5 4. Ngf3 Nc6 5. g3 Nf6 6. Bg2 Be7 7. 0-0 0-0 8. Re1 dxe4 9. dxe4 e5 10. c3 Qc7 11. Nf1 Rd8 12. Qe2 h6 13. Nh4 Bf8 14. Ne3 Be6 15. Nef5 Kh7 16. Qf3 Ng8 17. Ne3 g6 18. Nd5 Qd7 19. h3 Bg7 20. Be3 b6 21. Rad1 Qb7 22. g4 Rd7 23. g5 h5 24. Nf5 Rad8 25. Ng3 Nge7 26. Nf6+ Bxf6 27. Rxd7 Qxd7 28. gxf6 Ng8 29. Nxh5 Bxa2 30. Qg3 1-0

[Event "Penang op 4th"]
[Site "Penang"]
[Date "2012.12.13"]
[Round "5"]
[White "Bitoon, Jimson"]
[Black "Mas, Hafizulhelmi"]
[Result "1/2-1/2"]
[WhiteElo "2290"]
[BlackElo "2355"]
[PlyCount "44"]
[EventDate "2012.12.11"]
[EventType "swiss"]
[EventRounds "9"]
[EventCountry "MAS"]
[SourceTitle "EXT 2014"]
[Source "ChessBase"]
[SourceDate "2013.11.20"]
[SourceVersion "1"]
[SourceVersionDate "2013.11.20"]
[SourceQuality "1"]

1. e4 c5 2. Nc3 a6 3. d3 b5 4. g4 Bb7 5. Bg2 e6 6. Nge2 Ne7 7. Ng3 d5 8. 0-0 d4 9. Nce2 Qd7 10. f4 f5 11. gxf5 exf5 12. Nxf5 Nxf5 13. exf5 Bxg2 14. Kxg2 Qxf5 15. Ng3 Qd5+ 16. Kg1 Be7 17. Qe2 Nc6 18. Bd2 0-0 19. Qe4 Rad8 20. Rae1 c4 21. Rf2 Bc5 22. Kg2 Ne7 1/2-1/2

[Event "Penang op 4th"]
[Site "Penang"]
[Date "2012.12.12"]
[Round "4"]
[White "Bagamasbad, Efren"]
[Black "Bitoon, Jimson"]
[Result "0-1"]
[WhiteElo "2174"]
[BlackElo "2290"]
[PlyCount "108"]
[EventDate "2012.12.11"]
[EventType "swiss"]
[EventRounds "9"]
[EventCountry "MAS"]
[SourceTitle "EXT 2014"]
[Source "ChessBase"]
[SourceDate "2013.11.20"]
[SourceVersion "1"]
[SourceVersionDate "2013.11.20"]
[SourceQuality "1"]

1. c4 e5 2. g3 f5 3. d4 e4 4. Nc3 Nf6 5. Bg5 Be7 6. e3 0-0 7. h4 d6 8. Nh3 c5 9. Nf4 Nc6 10. d5 Ne5 11. Be2 h6 12. Bxf6 Bxf6 13. h5 a6 14. 0-0 Rb8 15. a4 Qe8 16. Kg2 Bd7 17. Rh1 Rf7 18. Qc2 Re7 19. Ra3 Bg5 20. a5 b5 21. axb6 Rxb6 22. Ne6 Qb8 23. b3 Bf6 24. Rd1 Bc8 25. g4 Nxg4 26. Bxg4 fxg4 27. Nxe4 Be5 28. Nf4 Bd7 29. Ng6 Re8 30. Ng3 Qd8 31. Nf4 Rf8 32. Qe4 Bxf4 33. exf4 Qf6 34. Rda1 Re8 35. Qd3 Bc8 36. Qg6 Qf8 37. f5 Re5 38. Qxg4 Bxf5 39. Qh4 Bc8 40. Rc1 Rb7 41. Rc3 Rf7 42. Ra2 Rf4 43. Qh2 Bg4 44. Re3 Qf6 45. Rxe5 Bf3+ 46. Kf1 Qxe5 47. Ne2 Rd4 48. Nxd4 Qxd4 49. Re2 Qd3 50. Qh4 Qxe2+ 51. Kg1 Qe1+ 52. Kh2 Qh1+ 53. Kg3 Qxh4+ 54. Kxh4 Bd1 0-1